| 000 | 00838nam a22002657a 4500 | ||
|---|---|---|---|
| 005 | 20141028161006.0 | ||
| 008 | 281014b2012 ck |||||r||||a00| 0 spa d | ||
| 020 | _a9789588370316 | ||
| 041 | _aspa | ||
| 044 | _ack | ||
| 082 | 0 | 0 |
_a598.72 _bG21p |
| 100 | 1 |
_aGarcés, Mario Fernando _928189 |
|
| 245 | 1 | 0 | _aPlan de conservación y manejo del Tucán Piquinegro (Andigena nigrirostris) |
| 260 |
_aPereira : _bCarder, _bCorpocaldas, _c2012. |
||
| 300 |
_a49 p. _c28 cm. |
||
| 650 | 4 |
_aAves _zColombia _928190 |
|
| 650 | 4 |
_aPiciformes _xplanes de manejo _928191 |
|
| 650 | 4 |
_aAndigena nigrirostris _928192 |
|
| 650 | 4 |
_aYátaro de pico negro _928193 |
|
| 650 | 4 |
_aTucán piquinegro _928194 |
|
| 650 | 6 |
_aGuagua Loba _928177 |
|
| 700 | 1 |
_aAyerbe-Quiñones, Fernando _928188 |
|
| 700 | 1 |
_aRojas-Días, Vladimir _928195 |
|
| 942 |
_cLIBRO _2ddc |
||
| 999 |
_c8745 _d8745 |
||